| LEADER 00000nama 2200000uu 4500 |
| 008 040531s|||| th m m a000 0 tha d |
| 020 978-0-7817-9194-6
|
| 041 eng
|
| 050 WY49 N9749 2009
|
| 100 Nale, Patricia.
|
| 245 Nursing Know-how Charting patient care/Nale Patricia
|
| 246 0 ^aโครงการผลิตพยาบาลชุมชนฯ ครั้งที่1/2553.
|
| 260 New York. Wolters Kluwer/Lippincott Williams & Wilkins. 2009.
|
| 300 ^a406 p.
|
| 500 ^aโครงการผลิตพยาบาลชุมชนฯ ครั้งที่1/2553.
|
| 650 1.Nursing records--Handbooks,manuals,etc. 2.Nursing records--Handbooks 3.Documentation--methods--Handbooks.
|
| 995 001
|
| 999 ^aใช้งานได้ทุกระบบ
|